Slovenský trh s nehnuteľnosťami - analýza a porovnanie s trhom nehnuteľností vo vybranej krajine diplomová práca

Guardado en:
Detalles Bibliográficos
Autor principal: Sušková, Silvia
Autor Corporativo: Národohospodárska fakulta EU. Katedra bankovníctva a medzinárodných financií
Otros Autores: Malacká, Viera
Formato: Libro
Lenguaje:eslovaco
Publicado: Bratislava 2011
Etiquetas: Agregar Etiqueta
Sin Etiquetas, Sea el primero en etiquetar este registro!

MARC

LEADER 00000nbm a2200000 4500
001 0130605
005 20161109101554.7
041 0 |a slo 
044 |a SK 
245 1 0 |a Slovenský trh s nehnuteľnosťami - analýza a porovnanie s trhom nehnuteľností vo vybranej krajine  |b diplomová práca  |c Silvia Sušková ; školiteľ: Viera Malacká 
264 1 |a Bratislava  |c 2011 
300 |a 71 s. 
100 1 |a Sušková, Silvia 
700 1 |a Malacká, Viera 
710 2 |a Národohospodárska fakulta EU. Katedra bankovníctva a medzinárodných financií